000 01080nam0a22002771 4500
001 rc\301375
005 20250621025854.0
035 _a(NLR Aleph) 005537241
090 _a5672323
_c5672323
100 _a20030307d1989 |||y0rusy50 ca
101 0 _arus
102 _aRU
105 _aa |||||||||
200 1 _aМатематическое моделирование процесса электроимпульсного нанесения твердосплавных покрытий
_fЛ.П. Горбачев, Е.Г. Григорьев, С.В. Новиков
210 _aМ.
_cМИФИ
_d1989
215 _a23 с.
_cграф.
_d20
225 1 _aПрепринт
_fГос. ком. СССР по нар. образованию, Моск. инж.-физ. ин-т
_v035-89
320 _aБиблиогр.: с. 21-22
700 1 _aГорбачев
_bЛ.П.
_gЛев Павлович
701 1 _aГригорьев
_bЕ.Г.
701 1 _aНовиков
_bС.В.
801 0 _aRU
_bNLR
_gpsbo
801 1 _aRU
_bELAR
_2rusmarc
852 _aNLR
_j89-4/14850
942 _cBOOK
980 _aNB